书目信息 |
| 题名: |
平台赋能行业变革
|
|
| 作者: | 王学成, 著 | |
| 分册: | ||
| 出版信息: | 北京 经济管理出版社 2022.02 |
|
| 页数: | 175页 | |
| 开本: | 24cm | |
| 丛书名: | 平台经济学丛书 | |
| 单 册: | ||
| 中图分类: | F572.7 | |
| 科图分类: | ||
| 主题词: | 出租汽车--chu zu qi che--旅客运输--产业发展--研究--中国 | |
| 电子资源: | ||
| ISBN: | 978-7-5096-8302-6 | |
| 000 | 01586nam 2200301 450 | |
| 001 | CAL 0120227427208 | |
| 005 | 20230217093113.0 | |
| 010 | @a978-7-5096-8302-6@dCNY68.00 | |
| 100 | @a20220621d2022 em y0chiy0120 ea | |
| 101 | 0 | @achi |
| 102 | @aCN@b110000 | |
| 105 | @aa a 000yy | |
| 106 | @ar | |
| 200 | 1 | @a平台赋能行业变革@Aping tai fu neng hang ye bian ge@e网约车对出行行业的影响研究@d= Platform enabling industry revolution@eresearch on the impact of e-bailing on the travel industry@f王学成著@zeng |
| 210 | @a北京@c经济管理出版社@d2022.02 | |
| 215 | @a175页@c图@d24cm | |
| 225 | 2 | @a平台经济学丛书@Aping tai jing ji xue cong shu |
| 314 | @a王学成, 北方工业大学经济管理学院讲师。 | |
| 320 | @a有书目 (第163-175页) | |
| 330 | @a本书立足于经济学的解释性思维建立基础研究框架, 将时空经济视角引入主流经济学供需分析框架中, 关注了特定时空中资源、主体、行动和规则的个体异质特征, 着眼于分散化需求层面的主观个体特征、分布式供给层面的虚拟化和平台化特征。选取滴滴出行服务平台作为主案例, 对比研究了网约车和传统出租车行业的产品性质、组织方式和市场形态等, 深入探讨了平台匹配方式在特定时空中发挥的独特功能。 | |
| 410 | 0 | @12001 @a平台经济学丛书 |
| 510 | 1 | @aPlatform enabling industry revolution@eresearch on the impact of e-bailing on the travel industry@zeng |
| 517 | 1 | @a网约车对出行行业的影响研究@Awang yue che dui chu hang hang ye de ying xiang yan jiu |
| 606 | 0 | @a出租汽车@Achu zu qi che@x旅客运输@x产业发展@x研究@y中国 |
| 690 | @aF572.7@v5 | |
| 701 | 0 | @a王学成,@Awang xue cheng@f1989-@4著 |
| 801 | 0 | @aCN@bBJXHZP@c20230222 |
| 905 | @b1378772-5@dF572.7@e623@f4 | |
| 平台赋能行业变革:网约车对出行行业的影响研究= Platform enabling industry revolution:research on the impact of e-bailing on the travel industry/王学成著.-北京:经济管理出版社,2022.02 |
| 175页:图;24cm.-(平台经济学丛书) |
| ISBN 978-7-5096-8302-6:CNY68.00 |
| 本书立足于经济学的解释性思维建立基础研究框架, 将时空经济视角引入主流经济学供需分析框架中, 关注了特定时空中资源、主体、行动和规则的个体异质特征, 着眼于分散化需求层面的主观个体特征、分布式供给层面的虚拟化和平台化特征。选取滴滴出行服务平台作为主案例, 对比研究了网约车和传统出租车行业的产品性质、组织方式和市场形态等, 深入探讨了平台匹配方式在特定时空中发挥的独特功能。 |
| ● |
| 相关链接 |
|
|
|
|
正题名:平台赋能行业变革
索取号:F572.7/623
 
预约/预借
| 序号 | 登录号 | 条形码 | 馆藏地/架位号 | 状态 | 备注 |
| 1 | 1378772 | 213787721 | 第一样本阅览室/ [索取号:F572.7/623] | 在馆 | |
| 2 | 1378773 | 213787730 | 第一借阅区/ [索取号:F572.7/623] | 在馆 | |
| 3 | 1378774 | 213787749 | 第一借阅区/ [索取号:F572.7/623] | 在馆 | |
| 4 | 1378775 | 213787758 | 第一借阅区/ [索取号:F572.7/623] | 在馆 |